000 00743nam a2200253 a 4500
999 _c2146
_d2146
001 2146
003 BD-JhCC
005 20200226134007.0
008 171030s2005 bg ||||| ||a| 00| 0 en d
020 _a9847763763
020 _a9847763860
035 _a(BD-JhCC)2146
040 _aBD-JhCC
_dBD-JhCC
041 _aben
082 _a891.4409
_bBON 2005
100 _aবন্দোপাধ্যায়, মানিক
245 _aমানিক রচনাবলি /
_cমানিক বন্দোপাধ্যায়
260 _aঢাকা :
_bঐতিহ্য,
_c2005.
300 _a567 p. :
_c20 cm.
500 _aSet book
650 _aCompilation of literatry work
942 _2ddc
_cBK
_06